000 00683nam a2200277Ia 4500
005 20260324140944.0
008 008 260324s9999 xx 000 0 eng d
020 _a9780203949641
037 _aEBOOK
040 _aCRL
040 _beng
040 _cCRL
041 _2eng
041 _aeng
084 _qCRL
100 _aAlexander L. George; Stanley A. Renshon
_91206367
245 4 _aThe Psychological Assessment of Presidential Candidates
260 _bTaylor and Francis
260 _c1998
365 _a
365 _b205
856 _uhttp://www.taylorfrancis.com/books/9780203949641
942 _cEBOOK
999 _c1808955
_d1808955